00699nam a22002057a 450000500170000001000150001702000260003203500130005803700130007108200150008410000140009924500800011326000380019327000430023130000390027450000670031360000400038065000380042065000350045820141201123403.0 aENG-111241 a9788125055693c525.00 aEN-94773 bDBAD/PUB a954.035092 aRaghu, A. aDuty, destiny and glory :cby A. Raghubthe life of C. P. Ramaswami Aiyar / aNew DelhibOrient Blackswanc2014 a1/24, Asaf Ali RoadbNew Delhie110002 axiii, 200p. :c23cm(Hb)bill.(b&w) aIncludes bibliographical references (pages 189-196) and index. a Ramaswami Aiyar, C. P.d1879-1966. aPoliticians zIndia v Biography. aLawyers z India v Biography.